[Event "Madrid-ch Previa-B"]
[Site "Madrid"]
[Date "2013.02.23"]
[Round "9"]
[White "Lacaci Otero, Ivan"]
[Black "Ordonez Morales, Alberto"]
[Result "1/2-1/2"]
[WhiteElo "1671"]
[BlackElo "1836"]
[PlyCount "26"]
[EventDate "2013.02.01"]
[EventType "swiss"]
[EventRounds "9"]
[EventCountry "ESP"]
[SourceTitle "CBM 152 Extra"]
[Source "ChessBase"]
[SourceDate "2013.02.25"]
[SourceVersion "1"]
[SourceVersionDate "2013.02.25"]
[SourceQuality "1"]

1. e4 e6 2. d4 d5 3. e5 c5 4. c3 Nc6 5. Nf3 Qb6 6. a3 Bd7 7. b4 cxd4 8. cxd4 Nge7 9. Nc3 Nf5 10. Na4 Qc7 11. Be3 Be7 12. Bd3 0-0 13. Rc1 a6 1/2-1/2